UML для простых смертных: пер. с англ.

Detalles Bibliográficos
Autor Principal: Максимчук Р. А. Роберт А.
Outros autores: Нейбург Э. Д. Эрик Дж.
Summary:"UML для простых смертных" является прекрасным руководством, в котором показываю преимущества применения UML. Эта книга знакомит читателя с различными типами диаграмм и методиками моделирования; в ней приводятся случаи из реальной жизни, которые объясняют, каким образом UML может помочь вам и вашей команде. Книга станет очень ценной для любого, кто управляет организациями, проектами или командами или хочет стать таким."
Idioma:ruso
Publicado: Москва, Лори, 2014
Subjects:
Formato: Libro
KOHA link:https://koha.lib.tpu.ru/cgi-bin/koha/opac-detail.pl?biblionumber=244498

MARC

LEADER 00000nam0a2200000 4500
001 244498
005 20231101232043.0
010 |a 9785855823677 
035 |a (RuTPU)RU\TPU\book\265885 
090 |a 244498 
100 |a 20131023d2014 km y0rusy50 ca 
101 1 |a rus  |c eng 
102 |a RU 
105 |a a z 001zy 
200 1 |a UML для простых смертных  |e пер. с англ.  |f Р. А. Максимчук, Э. Д. Нейбург 
210 |a Москва  |c Лори  |d 2014 
215 |a 268 с.  |c ил. 
320 |a Глоссарий: с. 249-256. 
330 |a "UML для простых смертных" является прекрасным руководством, в котором показываю преимущества применения UML. Эта книга знакомит читателя с различными типами диаграмм и методиками моделирования; в ней приводятся случаи из реальной жизни, которые объясняют, каким образом UML может помочь вам и вашей команде. Книга станет очень ценной для любого, кто управляет организациями, проектами или командами или хочет стать таким." 
606 1 |a UML, язык  |x Языки моделирования  |2 stltpush  |3 (RuTPU)RU\TPU\subj\67768  |9 83434 
610 1 |a бизнес-модели 
610 1 |a архитектурное моделирование 
610 1 |a приложения 
610 1 |a базы данных 
610 1 |a тестирование 
610 1 |a использование 
675 |a 004.434:004.94  |v 4 
700 1 |a Максимчук  |b Р. А.  |g Роберт А. 
701 1 |a Нейбург  |b Э. Д.  |g Эрик Дж. 
801 1 |a RU  |b 63413507  |c 20131023 
801 2 |a RU  |b 63413507  |c 20140423  |g RCR 
942 |c BK 
959 |a 137/20131023  |d 1  |e 330,00  |f ЧЗТЛ:1